ბათუმის შოთა რუსთაველის სახელმწიფო უნივერსიტეტის ბიბლიოთეკა

Математика (алгебра и элементарные функции): (ბიბ.ჩანაწერი № 38918)

000 -LEADER
fixed length control field 00560nam a2200193Ia 4500
001 - CONTROL NUMBER
control field 5339
003 - CONTROL NUMBER IDENTIFIER
control field GE_BSU
008 - FIXED-LENGTH DATA ELEMENTS--GENERAL INFORMATION
fixed length control field 181216s||||||||xx |||||||||||||| ||und||
040 ## - CATALOGING SOURCE
Transcribing agency GE_BSU
080 ## - UNIVERSAL DECIMAL CLASSIFICATION NUMBER
Universal Decimal Classification number 512(075.3)+517.5(075.3)
100 ## - MAIN ENTRY--PERSONAL NAME
Personal name Абрамович ,М.И;. Стародубцев М.Т.;
245 ## - TITLE STATEMENT
Title Математика (алгебра и элементарные функции):
260 ## - PUBLICATION, DISTRIBUTION, ETC.
Place of publication, distribution, etc. Москва
260 ## - PUBLICATION, DISTRIBUTION, ETC.
Name of publisher, distributor, etc. Высшая школа
260 ## - PUBLICATION, DISTRIBUTION, ETC.
Date of publication, distribution, etc. 1976
300 ## - PHYSICAL DESCRIPTION
Extent 270стр.22см.
653 ## - INDEX TERM--UNCONTROLLED
Uncontrolled term Математика
942 ## - ADDED ENTRY ELEMENTS (KOHA)
Koha item type წიგნი
ეგზემპლარები
Withdrawn status Lost status Damaged status Not for loan Date acquired Barcode Date last seen Price effective from Koha item type
        2018-12-17 16436 2018-12-17 2018-12-17 წიგნი